| 000 | 00410cam a2200145 i 4500 | ||
|---|---|---|---|
| 020 | _a0471026735 | ||
| 050 | 0 |
_aQD541 _b.P67 |
|
| 100 | 1 | _aPopovych, Orest. | |
| 245 | 1 | 0 |
_aNonaqueous solution chemistry / _cOrest Popovych, Reginald P. T. Tomkins. |
| 260 |
_aNew York : _bWiley, _cc1981. |
||
| 300 | _axiii, 500 p. : | ||
| 500 | _a"A Wiley-Interscience publication." | ||
| 700 | 1 | _aTomkins, R. P. T. | |
| 942 | _cGEN | ||
| 999 |
_c2193 _d2193 |
||